00908nam a2200253 a 4500999001500000001000500015003000900020005001700029008004100046020001500087040003300102082001800135100001800153245008500171250002600256260005800282300003000340504005100370650002900421650003700450700002100487942001200508952013400520 c1198d11988247BD-DhUAP20200203161029.0200203t19981977ii b 001 0 eng d a8176290785 aDLCcBD-DhUAPdBD-DhUAPbEng 223a340.9 DIW1 aDiwan, Paras.10aPrivate international law, Indian and English /cParas Diwan and Peeyushi Diwan. a4th rev. and enl. ed. aNew Delhi :bDeep & Deep Publications,cc1977 [1998]. axxii, 745 pages ;c23 cm. aIncludes bibliographical references and index. 0aConflict of lawszIndia. 0aConflict of lawszGreat Britain.1 aDiwan, Peeyushi. 2ddccBK 00102ddc4070aUAPCLbUAPCLcGeneral Stacksd2020-02-03l2m1o340.9 DIWp3010008247r2025-12-07s2025-08-24t1w2020-02-03yBK